Advertising (Record no. 3479)

000 -LEADER
fixed length control field 00424nam a22001457a 4500
020 ## - INTERNATIONAL STANDARD BOOK NUMBER
International Standard Book Number 9788131703823
082 ## - DEWEY DECIMAL CLASSIFICATION NUMBER
Classification number 659
100 ## - MAIN ENTRY--PERSONAL NAME
Personal name Frank Jefkins
245 ## - TITLE STATEMENT
Title Advertising
250 ## - EDITION STATEMENT
Edition statement 4th
260 ## - PUBLICATION, DISTRIBUTION, ETC.
Place of publication, distribution, etc. Dorling Kinderseley
Name of publisher, distributor, etc. Pearson education
Date of publication, distribution, etc. 2000
300 ## - PHYSICAL DESCRIPTION
Extent 416p
942 ## - ADDED ENTRY ELEMENTS (KOHA)
Koha item type Book
Holdings
Withdrawn status Lost status Damaged status Not for loan Collection code Permanent Location Current Location Shelving location Date acquired Total Checkouts Full call number Barcode Date last seen Price effective from Koha item type
          Central Library (CL) Central Library (CL) General Stacks 06/28/2016   659.1 JEF S3H-S-799 06/28/2016 06/28/2016 Book
© 2023 Central Library, National University of Sciences and Technology. All Rights Reserved.